000
00337nam a2200133Ia 4500
008
240624s9999 xx 000 0 und d
041
_a
eng
082
_a
658.421 UND
100
_a
UNDERWOOD SARAH
245
_a
SOCIAL AND SUSTAINABLE ENTERPRISE CHANGI
260
_c
2012
_a
United Kingdom
_b
Emerald
300
_a
230 : p.
365
_c
_b
25
999
_c
24290
_d
24290